[Event "4NCL/Div4/AD3 vs. NKN2 prelims"]
[Site "West Bromwich ENG"]
[Date "2002.11.10"]
[Round "2.2"]
[White "Morgan, Steve"]
[Black "Beveridge, Nigel"]
[Result "1/2-1/2"]
[WhiteElo "1794"]
[BlackElo "2022"]
[PlyCount "130"]
[EventDate "2002.11.10"]

1. d4 Nf6 2. Bg5 e6 3. e3 c5 4. c3 cxd4 5. exd4 Qb6 6. Qc2 d6 7. Nd2 Nc6 8.
Bxf6 gxf6 9. f4 d5 10. Ngf3 Bd6 11. g3 Bd7 12. Bd3 h5 13. Qb3 Qxb3 14. axb3 Ke7
15. Kf2 Rae8 16. b4 a6 17. Rhe1 Kd8 18. b5 axb5 19. Bxb5 h4 20. Bxc6 Bxc6 21.
Ra8+ Kc7 22. Rxe8 Bxe8 23. Nxh4 Bxf4 24. gxf4 Rxh4 25. Kg3 Rh5 26. h4 Kd6 27.
Kg4 Rh6 28. h5 Bb5 29. Re3 Ke7 30. b3 Kf8 31. c4 Bc6 32. b4 dxc4 33. Nxc4 Kg7
34. Nd6 Rh8 35. b5 Bd7 36. Kh4 Kf8 37. Rc3 Ke7 38. Nxb7 Bxb5 39. Rc7+ Kf8 40.
Nd6 Be2 41. Rc8+ Kg7 42. Rxh8 Kxh8 43. Nxf7+ Kg7 44. Nd8 Bc4 45. Nb7 Kh6 46.
Nc5 Kg7 47. Ne4 Be2 48. h6+ Kxh6 49. Nxf6 Kg6 50. Nd7 Kf5 51. Kg3 Ke4 52. Nc5+
Kd5 53. Kf2 Bg4 54. Ke3 Bf5 55. Nd7 Kd6 56. Nf6 Ke7 57. Ne4 Kd7 58. Nc3 Kc6 59.
Kf3 Kd6 60. Kg3 Bd3 61. Kg4 Ke7 62. Kg5 Bc4 63. f5 exf5 64. Kxf5 Kd6 65. Ke4
Bf7 1/2-1/2

[Event "4NCL/Div4/AD3 vs. NKN2 prelims"]
[Site "West Bromwich ENG"]
[Date "2002.11.10"]
[Round "2.3"]
[White "Kreuzer, Christopher"]
[Black "Thomas, Kevin"]
[Result "1-0"]
[WhiteElo "1792"]
[BlackElo "1823"]
[PlyCount "121"]
[EventDate "2002.11.10"]

1. e4 e5 2. Nf3 Nc6 3. d4 exd4 4. Bc4 Bc5 5. O-O Nf6 6. e5 d5 7. Bb5 Ne4 8.
Nxd4 O-O 9. Nxc6 bxc6 10. Bxc6 Ba6 11. Bxa8 Qxa8 12. Nd2 Bxf1 13. Nxe4 dxe4 14.
Kxf1 Rd8 15. Qe2 Bd4 16. Bg5 Re8 17. Rd1 Bxe5 18. Qc4 Bd6 19. Be3 h6 20. Qa6
Be5 21. b3 Re6 22. Qxa7 Qxa7 23. Bxa7 Ra6 24. Rd8+ Kh7 25. Bd4 Bxd4 26. Rxd4
Rxa2 27. Rc4 f5 28. Rxc7 Ra1+ 29. Ke2 Rh1 30. h3 Rg1 31. g3 Rh1 32. h4 Rb1 33.
Ke3 Kg6 34. Kf4 Rf1 35. Ke3 Rb1 36. Rb7 Kf6 37. Rb6+ Ke5 38. Rb5+ Kf6 39. Rb6+
Ke5 40. b4 g5 41. hxg5 hxg5 42. Rb5+ Ke6 43. c3 Rb2 44. Rc5 Rc2 45. b5 Rb2 46.
c4 Rb3+ 47. Ke2 Rb2+ 48. Kf1 Rb1+ 49. Kg2 Rb2 50. Rc8 Ke5 51. Rd8 e3 52. Re8+
Kd4 53. Rxe3 Kxc4 54. Re5 Rxb5 55. Rxb5 Kxb5 56. Kf3 Kc4 57. g4 f4 58. Ke4 Kc3
59. Kf5 Kd3 60. Kxg5 Ke4 61. Kf6 1-0

[Event "4NCL/Div4/AD3 vs. NKN2 prelims"]
[Site "West Bromwich ENG"]
[Date "2002.11.10"]
[Round "2.4"]
[White "Arnold, Chris"]
[Black "Pritchard, David"]
[Result "1/2-1/2"]
[WhiteElo "1615"]
[BlackElo "1768"]
[PlyCount "65"]
[EventDate "2002.11.10"]

1. d4 g6 2. Nf3 Bg7 3. Nc3 Nf6 4. Bf4 d6 5. e4 O-O 6. Be2 c6 7. Qd2 b5 8. a3 a5
9. O-O Ba6 10. Rfe1 Qb6 11. e5 dxe5 12. dxe5 Rd8 13. exf6 Rxd2 14. fxe7 Nd7 15.
Bxd2 Re8 16. Bd3 Nc5 17. Be3 Rxe7 18. Ne4 Qc7 19. Nxc5 Bc8 20. Bg5 Rxe1+ 21.
Rxe1 h6 22. Bh4 Bxb2 23. a4 Bf5 24. Bxf5 gxf5 25. Re8+ Kh7 26. Nd3 Bc3 27. Re7
Qd6 28. axb5 cxb5 29. Nfe5 Bxe5 30. Rxe5 Qd4 31. g3 b4 32. Rxa5 b3 33. cxb3
1/2-1/2

[Event "4NCL/Div4/AD3 vs. NKN2 prelims"]
[Site "West Bromwich ENG"]
[Date "2002.11.10"]
[Round "2.5"]
[White "Rea, Bill"]
[Black "Thomas, Joseff"]
[Result "0-1"]
[WhiteElo "1648"]
[BlackElo "1574"]
[PlyCount "48"]
[EventDate "2002.11.10"]

1. e4 e5 2. Nf3 Nc6 3. Bc4 Bc5 4. c3 d6 5. b4 Bb6 6. a4 a5 7. b5 Nce7 8. Qb3
Nh6 9. d4 O-O 10. h3 exd4 11. cxd4 d5 12. exd5 Nhf5 13. Be3 Nxe3 14. fxe3 Nf5
15. O-O Re8 16. Ne5 Rxe5 17. dxe5 Nxe3 18. Kh1 Nxf1 19. Bxf1 Qe7 20. Qg3 Bd4
21. Nc3 Bxe5 22. Re1 f6 23. Qf3 Qb4 24. Ne4 Qxe1 0-1

[Event "4NCL/Div4/SLO3 vs. SXM prelims"]
[Site "West Bromwich ENG"]
[Date "2002.11.10"]
[Round "2.1"]
[White "Williams, Samuel G"]
[Black "Fryer, David"]
[Result "0-1"]
[WhiteElo "2161"]
[BlackElo "2074"]
[PlyCount "72"]
[EventDate "2002.11.10"]

1. e4 c5 2. Nc3 a6 3. f4 e6 4. Nf3 d5 5. e5 Nc6 6. g3 Be7 7. Bg2 Nh6 8. O-O Nf5
9. g4 Nfd4 10. d3 Qc7 11. Ne2 Bd7 12. c3 Nxe2+ 13. Qxe2 Rc8 14. Be3 O-O 15. g5
Rfd8 16. Ne1 Be8 17. Rf3 d4 18. Bf2 Qd7 19. Rh3 g6 20. Qg4 b5 21. Bf3 Bf8 22.
Qh4 Bg7 23. Qxh7+ Kf8 24. Bxc6 Qxc6 25. Rc1 Qd5 26. Nf3 Qxa2 27. cxd4 Qxb2 28.
Rxc5 Rxc5 29. dxc5 Rxd3 30. c6 Qc1+ 31. Ne1 Rxh3 32. Qxh3 Bxc6 33. Qd3 Bd5 34.
Qd4 Kg8 35. Qb6 Qxf4 36. Qxa6 Bxe5 0-1

[Event "4NCL/Div4/SLO3 vs. SXM prelims"]
[Site "West Bromwich ENG"]
[Date "2002.11.10"]
[Round "2.2"]
[White "Linford, Charles M"]
[Black "Purton, Ben"]
[Result "1-0"]
[WhiteElo "1840"]
[BlackElo "2057"]
[PlyCount "75"]
[EventDate "2002.11.10"]

1. e4 c5 2. Nf3 Nc6 3. d4 cxd4 4. Nxd4 e5 5. Nb5 a6 6. N5c3 Nf6 7. Bg5 Be7 8.
Bxf6 Bxf6 9. Nd5 Bg5 10. a4 d6 11. Bc4 Be6 12. O-O Ne7 13. Nb6 Qxb6 14. Bxe6
O-O 15. Bb3 Kh8 16. a5 Qc6 17. Nc3 f5 18. Qd3 f4 19. f3 Qc5+ 20. Kh1 Rf6 21.
Bd5 Nxd5 22. Nxd5 Rh6 23. b4 Qc6 24. Ra3 Rd8 25. Rc3 Qe8 26. Rc7 Bh4 27. Rxb7
Ra8 28. Nb6 Rd8 29. Qxa6 Bg3 30. h3 d5 31. Qe2 dxe4 32. fxe4 Qc6 33. Ra7 g5 34.
Nd5 Rh4 35. Ne7 Qc3 36. Nf5 f3 37. Rxf3 Rxe4 38. Rxc3 1-0

[Event "4NCL/Div4/SLO3 vs. SXM prelims"]
[Site "West Bromwich ENG"]
[Date "2002.11.10"]
[Round "2.3"]
[White "Payne, Oliver R"]
[Black "Barraclough, David"]
[Result "1-0"]
[WhiteElo "2029"]
[BlackElo "1640"]
[PlyCount "87"]
[EventDate "2002.11.10"]

1. e4 d6 2. d4 Nf6 3. Bd3 e5 4. c3 Nc6 5. Ne2 g6 6. O-O Bg7 7. f4 Bg4 8. d5 Ne7
9. fxe5 dxe5 10. Bg5 Nh5 11. Qb3 O-O 12. h3 Bxe2 13. Bxe2 Ng3 14. Bd3 Nxf1 15.
Bxf1 h6 16. Bh4 b6 17. Nd2 Qd7 18. Bb5 Qd8 19. Rd1 g5 20. Bf2 a6 21. Be2 Nc8
22. c4 f5 23. d6 cxd6 24. c5+ Kh8 25. cxb6 Rb8 26. b7 Qf6 27. bxc8=Q Rfxc8 28.
Qe3 Rxb2 29. Nc4 Rxa2 30. Rxd6 Ra1+ 31. Kh2 f4 32. Qa7 Qf8 33. Rxa6 Rc1 34. Nd6
R8c7 35. Qb6 Kh7 36. Nf5 R1c6 37. Qxc6 Rxc6 38. Rxc6 Bf6 39. Rc7+ Kg6 40. Bc4
Bd8 41. Rg7+ Qxg7 42. Nxg7 Kxg7 43. Bc5 h5 44. Be2 1-0

[Event "4NCL/Div4/SLO3 vs. SXM prelims"]
[Site "West Bromwich ENG"]
[Date "2002.11.10"]
[Round "2.4"]
[White "Fraser, Joe"]
[Black "Coddington, Oliver"]
[Result "0-1"]
[WhiteElo "1448"]
[BlackElo "1776"]
[PlyCount "102"]
[EventDate "2002.11.10"]

1. e4 d6 2. d4 Nf6 3. Nc3 c6 4. Be3 Qb6 5. Qd2 Qxb2 6. Rb1 Qa3 7. Bd3 Ng4 8.
Nge2 Nxe3 9. fxe3 e5 10. O-O Be7 11. Ng3 g6 12. Rf2 f6 13. Nce2 Bd8 14. Rbf1
Nd7 15. c3 Qa5 16. Qc2 a6 17. Nh1 h5 18. Nc1 b5 19. h3 Qc7 20. g4 Nf8 21. Qe2
hxg4 22. hxg4 Qh7 23. Ng3 Qh3 24. Rg2 Qxg4 25. Qf2 Qe6 26. d5 Qd7 27. c4 c5 28.
Qe2 bxc4 29. Bxc4 Qa4 30. Bb3 Qa5 31. Nd3 Bd7 32. Nb2 Bb5 33. Bc4 Rb8 34. a4
Bxc4 35. Nxc4 Qc7 36. a5 Qd7 37. Qa2 Rb5 38. Ne2 Ke7 39. Nc3 Rb7 40. Na4 Qh3
41. Kf2 Qh4+ 42. Kf3 Nh7 43. Nab6 Ng5+ 44. Ke2 Bxb6 45. axb6 Qxe4 46. Rff2 Qxd5
47. Qxa6 Ne4 48. Rxg6 Nc3+ 49. Kf1 Qd1+ 50. Kg2 Qh1+ 51. Kg3 Qh3# 0-1

[Event "4NCL/Div4/SLO3 vs. SXM prelims"]
[Site "West Bromwich ENG"]
[Date "2002.11.10"]
[Round "2.5"]
[White "Roberson, Peter T"]
[Black "Barraclough, Stephanie"]
[Result "1-0"]
[WhiteElo "1792"]
[BlackElo "1472"]
[PlyCount "103"]
[EventDate "2002.11.10"]

1. e4 d5 2. exd5 Nf6 3. Nf3 Nxd5 4. d4 Bf5 5. Bd3 Bxd3 6. Qxd3 e6 7. c3 a6 8.
O-O Nc6 9. Bg5 Be7 10. Bxe7 Qxe7 11. Nbd2 O-O 12. Rfe1 Rad8 13. Nb3 Nf6 14. Qc2
Nd7 15. d5 Na7 16. dxe6 fxe6 17. Qe4 Nc6 18. Qxe6+ Qxe6 19. Rxe6 Rfe8 20. Rxe8+
Rxe8 21. Re1 Rxe1+ 22. Nxe1 Nce5 23. Nc1 Nc5 24. f3 Kf7 25. Kf2 Ke6 26. Ke2 Ng6
27. g3 Ne7 28. Ned3 Nd7 29. Nb3 b6 30. Nd4+ Kf7 31. f4 Nd5 32. Nc6 a5 33. Nde5+
Nxe5 34. Nxe5+ Ke6 35. Ng4 g6 36. Kd3 Ne7 37. Ne3 Kd6 38. Ke4 Ke6 39. g4 c6 40.
c4 Kf6 41. Nc2 Ke6 42. Nd4+ Kf6 43. g5+ Kf7 44. Ke5 c5 45. Nc2 Nc8 46. Ne3 Ke7
47. Nd5+ Kf7 48. a4 Ke8 49. Ke6 Kd8 50. Nf6 Ne7 51. Nxh7 Ke8 52. Nf6+ 1-0

[Event "4NCL/Div4/SLO3 vs. SXM prelims"]
[Site "West Bromwich ENG"]
[Date "2002.11.10"]
[Round "2.6"]
[White "Eichner, Daniel"]
[Black "Houska, Mario"]
[Result "1-0"]
[WhiteElo "1328"]
[BlackElo "1656"]
[PlyCount "139"]
[EventDate "2002.11.10"]

1. e4 d5 2. exd5 Qxd5 3. Nc3 Qa5 4. d4 Nf6 5. Nf3 Bg4 6. Bd2 c6 7. Ne4 Qd8 8.
Nxf6+ gxf6 9. Be3 e6 10. h3 Bh5 11. g4 Bg6 12. Qd2 Nd7 13. O-O-O Nb6 14. Qa5
Qd5 15. Qxd5 Nxd5 16. Bd2 Be4 17. Bg2 Bd6 18. Nh4 Bg6 19. Nxg6 hxg6 20. h4 Bf4
21. h5 Bxd2+ 22. Kxd2 Nf4 23. Bf3 O-O-O 24. Ke3 g5 25. Be4 Rh6 26. b4 Nd5+ 27.
Bxd5 exd5 28. Rde1 Kd7 29. f4 Rg8 30. f5 a5 31. a3 axb4 32. axb4 Ra8 33. Ra1
Re8+ 34. Kf3 Re4 35. c3 Rf4+ 36. Kg3 Re4 37. Rae1 Rxe1 38. Rxe1 Rh8 39. Kf3 Ra8
40. Ke3 Re8+ 41. Kd2 Ra8 42. Rh1 Ke7 43. Kd3 b5 44. Re1+ Kd7 45. Rg1 Ke7 46.
Kc2 Kf8 47. Kb3 Re8 48. h6 Kg8 49. Ra1 Re7 50. Ra8+ Kh7 51. Rc8 Kxh6 52. Rxc6
Kg7 53. Rc5 Re4 54. Rxd5 Rxg4 55. Rxb5 Re4 56. d5 g4 57. d6 g3 58. Rd5 g2 59.
Rd1 Re5 60. d7 Rd5 61. Rg1 Rxd7 62. Rxg2+ Kf8 63. c4 Ke7 64. b5 Rd3+ 65. Kb4
Kd6 66. Rg7 Ke7 67. b6 Rd1 68. Kc5 Rf1 69. b7 Rxf5+ 70. Kc6 1-0

[Event "4NCL/Div4/MET vs. WGR3 prelims"]
[Site "West Bromwich ENG"]
[Date "2002.11.10"]
[Round "2.1"]
[White "Noden, Nicolas"]
[Black "Watson, Ron"]
[Result "1-0"]
[WhiteElo "2196"]
[BlackElo "2248"]
[PlyCount "85"]
[EventDate "2002.11.10"]

1. e4 e6 2. d4 d5 3. e5 c5 4. c3 Nc6 5. Nf3 Qb6 6. Be2 Bd7 7. dxc5 Bxc5 8. O-O
Qc7 9. Bf4 Nge7 10. b4 Ng6 11. Bg3 Be7 12. Bd3 O-O 13. h4 Rfc8 14. h5 Nf8 15.
Nbd2 a6 16. Re1 Na7 17. Rc1 Bb5 18. Bb1 a5 19. a4 Be8 20. b5 Qb6 21. c4 Rd8 22.
cxd5 Rxd5 23. Qe2 Rc8 24. Ne4 h6 25. Bf4 Qd8 26. Rcd1 b6 27. Nh2 Bg5 28. Bxg5
hxg5 29. Ng4 Rc7 30. h6 gxh6 31. Ngf6+ Kg7 32. Nxd5 exd5 33. Nd6 Bd7 34. Rxd5
Qe7 35. Bf5 Ne6 36. Bxe6 Bxe6 37. Rd3 Nc8 38. Qe3 Rc5 39. Qd4 Kf8 40. Nxc8 Bxc8
41. e6 f6 42. Qd6 Rc4 43. Qxb6 1-0

[Event "4NCL/Div4/MET vs. WGR3 prelims"]
[Site "West Bromwich ENG"]
[Date "2002.11.10"]
[Round "2.2"]
[White "Savage, Ben D"]
[Black "Fogarasi, Norbert"]
[Result "1-0"]
[WhiteElo "2137"]
[BlackElo "2162"]
[PlyCount "111"]
[EventDate "2002.11.10"]

1. Nf3 d5 2. e3 c6 3. b3 Bg4 4. Bb2 f5 5. h3 Bh5 6. Bd3 e6 7. g4 Bg6 8. Nd4 Qf6
9. Bc3 Qf7 10. Rg1 Nd7 11. f4 Be7 12. Qe2 Bh4+ 13. Kd1 Nc5 14. Kc1 Be7 15. Nf3
Bf6 16. Ne5 Bxe5 17. Bxe5 Nf6 18. Bd6 Nxd3+ 19. cxd3 O-O-O 20. Be5 fxg4 21.
hxg4 h5 22. gxh5 Bxh5 23. Qg2 Ng4 24. Nc3 Nxe5 25. fxe5 Qf5 26. d4 g6 27. Kb2
Rdf8 28. Raf1 Qd3 29. Rf2 Rf5 30. Na4 Rhf8 31. Nc5 Rxf2 32. Nxd3 Rxg2 33. Rxg2
Kd7 34. Nf4 Ke7 35. Nxg6+ Bxg6 36. Rxg6 Rf7 37. Kc3 a6 38. a4 Kd7 39. Kb4 b6
40. a5 b5 41. Kc5 Re7 42. Kb6 b4 43. Rg8 Rh7 44. Rb8 Rh1 45. Kxa6 Rb1 46. Rxb4
Kc7 47. Rb7+ Kc8 48. b4 Rb2 49. Ka7 Rb3 50. a6 Rb2 51. Kb6 Rxb4+ 52. Kxc6 Ra4
53. Rc7+ Kb8 54. a7+ Ka8 55. Kd7 Rb4 56. Rc8+ 1-0

[Event "4NCL/Div4/MET vs. WGR3 prelims"]
[Site "West Bromwich ENG"]
[Date "2002.11.10"]
[Round "2.3"]
[White "Dickson, George"]
[Black "Maduekwe, Chiedu"]
[Result "0-1"]
[WhiteElo "2016"]
[BlackElo "2140"]
[PlyCount "64"]
[EventDate "2002.11.10"]

1. e4 e6 2. Qe2 e5 3. f4 exf4 4. Nf3 g5 5. Qb5 Nc6 6. Qxg5 Qxg5 7. Nxg5 Nd4 8.
Bd3 Bh6 9. Nf3 Nxf3+ 10. gxf3 Ne7 11. b3 Rg8 12. Bb2 d6 13. Na3 Bh3 14. Be2 Kd7
15. O-O-O Bg7 16. d4 Ng6 17. Rhg1 Bf6 18. e5 Bh4 19. Bf1 Bf5 20. Bc3 Bf2 21.
Rg5 Nh4 22. Rxg8 Be3+ 23. Kb2 Rxg8 24. exd6 cxd6 25. Bc4 Nxf3 26. Bxf7 Rg1 27.
Rxg1 Bxg1 28. Bd5 Nxh2 29. Nc4 Be6 30. Bxe6+ Kxe6 31. Bd2 Bxd4+ 32. c3 Be5 0-1

[Event "4NCL/Div4/MET vs. WGR3 prelims"]
[Site "West Bromwich ENG"]
[Date "2002.11.10"]
[Round "2.4"]
[White "Kikoyo, Ali"]
[Black "Calvert, D Ian"]
[Result "0-1"]
[WhiteElo "1864"]
[BlackElo "2040"]
[PlyCount "96"]
[EventDate "2002.11.10"]

1. e4 d5 2. exd5 Nf6 3. d4 Nxd5 4. c4 Nb6 5. Nc3 e5 6. dxe5 Qxd1+ 7. Nxd1 Nc6
8. f4 Be6 9. b3 Bb4+ 10. Kf2 f6 11. exf6 gxf6 12. Nf3 O-O-O 13. Be3 Bg4 14. Be2
Bxf3 15. Bxf3 Nd4 16. Be4 Kb8 17. a3 Nxb3 18. Ra2 Bc5 19. Rb2 Nd2 20. Bf3 Ndxc4
21. Bxc5 Nxb2 22. Nxb2 Rd2+ 23. Kg3 Rxb2 24. Re1 Rd2 25. Rb1 Nd5 26. Kh4 b6 27.
f5 Rg8 28. h3 Kc8 29. Bg1 Nf4 30. g4 Rd3 31. Rf1 Rxa3 32. Bh2 Nd3 33. Bd5 Rg7
34. Rf3 Kd8 35. Kh5 Ra5 36. Rxd3 Rd7 37. Bc4 Rxd3 38. Bxd3 Ra3 39. h4 Rxd3 40.
Bf4 Rh3 41. g5 fxg5 42. Bxg5+ Ke8 43. Kh6 Kf7 44. Kxh7 a5 45. Kh6 a4 46. Kh5 a3
47. Bf6 a2 48. Bb2 Rh1 0-1

[Event "4NCL/Div4/MET vs. WGR3 prelims"]
[Site "West Bromwich ENG"]
[Date "2002.11.10"]
[Round "2.5"]
[White "Kruszynski, Robert G"]
[Black "Cutmore, Martin J"]
[Result "1/2-1/2"]
[WhiteElo "1792"]
[BlackElo "1896"]
[PlyCount "66"]
[EventDate "2002.11.10"]

1. e4 e6 2. d4 c5 3. Nf3 cxd4 4. Nxd4 a6 5. Bd3 Bc5 6. c3 Qb6 7. O-O Bxd4 8.
cxd4 Qxd4 9. Nc3 Ne7 10. Be3 Qb4 11. Qe2 O-O 12. a3 Qa5 13. f4 f5 14. Qf2 Qd8
15. Bb6 Qe8 16. e5 Nbc6 17. Bc4 g5 18. g3 Qg6 19. Kh1 g4 20. Rad1 h5 21. Qe3
Kg7 22. Kg2 h4 23. Rh1 h3+ 24. Kf2 Qh6 25. Rhe1 Ng6 26. Kg1 Kg8 27. Na4 Qg7 28.
Nc5 Rf7 29. Nd3 a5 30. Rd2 a4 31. Qc5 Qf8 32. Qb5 Qg7 33. Qc5 Qf8 1/2-1/2

[Event "4NCL/Div4/MET vs. WGR3 prelims"]
[Site "West Bromwich ENG"]
[Date "2002.11.10"]
[Round "2.6"]
[White "Cutmore, David M"]
[Black "Young, Collins"]
[Result "1-0"]
[WhiteElo "1848"]
[BlackElo "1664"]
[PlyCount "173"]
[EventDate "2002.11.10"]

1. d4 d5 2. c4 c6 3. Nc3 Nf6 4. Bg5 Nbd7 5. cxd5 cxd5 6. Qa4 e6 7. e4 dxe4 8.
Nxe4 Be7 9. Bxf6 Bxf6 10. Nd6+ Kf8 11. Ne4 Be7 12. Nf3 Qb6 13. Bb5 Nf6 14. Nxf6
Bxf6 15. O-O a6 16. Bd3 Qxb2 17. Rfc1 Be7 18. Rab1 Qa3 19. Qc2 g6 20. Ne5 Qd6
21. Nc4 Qxd4 22. Nb6 Rb8 23. Nxc8 Bg5 24. Qc5+ Qxc5 25. Rxc5 Kg7 26. Nb6 Be7
27. Rcc1 Rhd8 28. Rd1 Bc5 29. Nc4 b5 30. Na5 Rbc8 31. Nb7 Rd7 32. Nxc5 Rxc5 33.
Be4 Rdc7 34. g3 Rc4 35. Bd3 Ra4 36. Rb2 b4 37. Be2 a5 38. Rd3 Rc1+ 39. Kg2 Ra1
40. Rdd2 Ra3 41. Bc4 Rc3 42. Bb3 Rc7 43. Rd6 Rac1 44. Rbd2 h5 45. Rd7 Kf6 46.
R2d3 R1c3 47. Rf3+ Rxf3 48. Rxc7 Rf5 49. f4 g5 50. Kf3 gxf4 51. gxf4 Rb5 52. h4
Kg6 53. Bc4 Rb8 54. Ra7 Rc8 55. Bd3+ f5 56. Rxa5 Rc3 57. Ke3 Rc1 58. Ra4 Rh1
59. Rxb4 Rxh4 60. Rb6 Rh3+ 61. Kd4 Rf3 62. Rxe6+ Kf7 63. Rh6 Rxf4+ 64. Ke3 Ra4
65. Bb1 h4 66. Kf3 Kg7 67. Rh5 Kg6 68. Rxf5 Kh6 69. Rf4 Ra3+ 70. Kg4 h3 71. Rf7
Ra4+ 72. Kxh3 Kg5 73. Rf5+ Kh6 74. Rb5 Kg7 75. Kg3 Kf6 76. Kf3 Ke6 77. Bc2 Ra3+
78. Bb3+ Kd6 79. Ke4 Kc6 80. Rh5 Kb6 81. Kd4 Ra8 82. Kc4 Rf8 83. Kb4 Rf4+ 84.
Bc4 Rf6 85. a4 Rg6 86. a5+ Kb7 87. Rh7+ 1-0

[Event "4NCL/Div4/WGR3 vs. HKF prelims"]
[Site "Telford ENG"]
[Date "2003.01.18"]
[Round "3.1"]
[White "Law, Andrew P"]
[Black "Wilson, Jonathan"]
[Result "1/2-1/2"]
[WhiteElo "2320"]
[BlackElo "2310"]
[PlyCount "81"]
[EventDate "2003.01.18"]

1. Nf3 Nf6 2. c4 e6 3. Nc3 c5 4. e4 Nc6 5. Be2 Be7 6. O-O O-O 7. d4 cxd4 8.
Nxd4 d6 9. Be3 Nxd4 10. Bxd4 b6 11. f4 Bb7 12. Bd3 Re8 13. Qe2 Rc8 14. Rad1 e5
15. Be3 Nd7 16. Bc2 Qc7 17. Ba4 Red8 18. Bxd7 Rxd7 19. b3 exf4 20. Bxf4 Bc6 21.
Nd5 Qd8 22. Qg4 Bxd5 23. Rxd5 Rc5 24. Rfd1 Qc7 25. e5 h5 26. Qxh5 Rxd5 27. Rxd5
dxe5 28. Qxe5 Bc5+ 29. Kf1 Qxe5 30. Bxe5 Re7 31. Bd6 Bxd6 32. Rxd6 g6 33. Kf2
Kg7 34. Rd3 Re6 35. Re3 Rf6+ 36. Ke2 g5 37. b4 Rf4 38. Kd3 b5 39. cxb5 Rxb4 40.
Re5 Kf6 41. Rc5 1/2-1/2

[Event "4NCL/Div4/WGR3 vs. HKF prelims"]
[Site "Telford ENG"]
[Date "2003.01.18"]
[Round "3.2"]
[White "Connell, Blair"]
[Black "Watson, Ron"]
[Result "1-0"]
[WhiteElo "2260"]
[BlackElo "2248"]
[PlyCount "107"]
[EventDate "2003.01.18"]

1. e4 e6 2. d4 d5 3. e5 c5 4. c3 Nc6 5. Nf3 Qb6 6. a3 c4 7. Nbd2 Na5 8. g3 Bd7
9. h4 h5 10. Bh3 g6 11. Nf1 O-O-O 12. Ng5 Nh6 13. Nh2 Be7 14. O-O Rdf8 15. Qe2
Nb3 16. Rb1 Nf5 17. Bxf5 exf5 18. Nh3 Be6 19. Nf3 Re8 20. Re1 Kb8 21. Bg5 Bxg5
22. Nfxg5 Qc6 23. Nf4 Rhg8 24. Rbd1 Rg7 25. Qf3 Rd8 26. Ng2 Qb5 27. Qf4 Na5 28.
Rd2 Qd7 29. Nf3 Qe7 30. Rde2 Rgg8 31. Ne3 a6 32. Nf1 Ka7 33. Ng5 Rg7 34. Nd2
Qd7 35. Rb1 Qa4 36. Nf1 Rc8 37. Nf3 Rgg8 38. Ne3 Qd7 39. Kh2 Qe7 40. Rf1 Nc6
41. Ng5 Rg7 42. f3 Rh8 43. Rb1 Na5 44. Kg2 Rd8 45. g4 hxg4 46. fxg4 fxg4 47.
Qf6 Qxf6 48. exf6 Rgg8 49. Nxe6 fxe6 50. Nxg4 Rh8 51. Kg3 Rh5 52. Rf1 Rf5 53.
Rxf5 exf5 54. Nh6 1-0

[Event "4NCL/Div4/WGR3 vs. HKF prelims"]
[Site "Telford ENG"]
[Date "2003.01.18"]
[Round "3.3"]
[White "Maduekwe, Chiedu"]
[Black "Truran, Michael"]
[Result "0-1"]
[WhiteElo "2140"]
[BlackElo "2205"]
[PlyCount "92"]
[EventDate "2003.01.18"]

1. d4 f5 2. Nf3 Nf6 3. g3 g6 4. Bg2 Bg7 5. c4 O-O 6. Nc3 d6 7. O-O Nc6 8. d5
Na5 9. Nd2 c5 10. Rb1 Bd7 11. b3 a6 12. Bb2 Rb8 13. Qc2 b5 14. e3 Qe8 15. Ne2
Nb7 16. f4 Nd8 17. Rfe1 Nf7 18. e4 fxe4 19. Nxe4 Bf5 20. N2c3 Qd7 21. Nd1 bxc4
22. bxc4 Rb7 23. Ne3 Bxe4 24. Bxe4 Rxb2 25. Rxb2 Nxe4 26. Rb3 Nf6 27. Qb1 Qh3
28. Rb7 Nh6 29. Rxe7 Nfg4 30. Rxg7+ Kxg7 31. Nf1 Nf5 32. Qb2+ Nd4 33. Qg2 Qxg2+
34. Kxg2 Rb8 35. Re7+ Kf6 36. Rxh7 Rb2+ 37. Kh3 Nf2+ 38. Kg2 Nd1+ 39. Kh3 Rf2
40. Rd7 Rxf1 41. Rxd6+ Kf5 42. g4+ Ke4 43. Rxg6 Rxf4 44. d6 Rf7 45. d7 Rxd7 46.
Rxa6 Rh7+ 0-1

[Event "4NCL/Div4/WGR3 vs. HKF prelims"]
[Site "Telford ENG"]
[Date "2003.01.18"]
[Round "3.4"]
[White "Fowler, Simon"]
[Black "Kikoyo, Ali"]
[Result "1-0"]
[WhiteElo "2160"]
[BlackElo "1864"]
[PlyCount "101"]
[EventDate "2003.01.18"]

1. d4 d5 2. c4 c5 3. dxc5 Qa5+ 4. Nc3 dxc4 5. e4 e5 6. Bxc4 Nf6 7. Qb3 Qc7 8.
Nb5 Qxc5 9. Bxf7+ Kd8 10. Nc3 Nc6 11. Bg5 Nd4 12. Rd1 Kc7 13. Qc4 Qxc4 14. Bxc4
Bb4 15. f3 Rd8 16. Kf2 Bxc3 17. bxc3 Ne6 18. Rxd8 Nxd8 19. Ne2 Be6 20. Bb3 a5
21. Rb1 a4 22. Bxe6 Nxe6 23. Be3 Nd7 24. Nc1 Ndc5 25. Ke2 Rd8 26. Rb2 Kc6 27.
Rd2 Rxd2+ 28. Kxd2 Kb5 29. Nd3 Nd7 30. Bf2 g5 31. Bg3 Nf4 32. Nxf4 gxf4 33. Bh4
Kc4 34. Be7 Nb8 35. Bd6 Nc6 36. Kc2 h5 37. Kd2 b5 38. Kc2 b4 39. cxb4 Nxb4+ 40.
Bxb4 Kxb4 41. g3 fxg3 42. hxg3 Kc4 43. a3 Kd4 44. Kd2 Kc4 45. g4 h4 46. Ke3 Kc5
47. Kf2 Kd6 48. Kg2 Ke6 49. Kh3 Kf6 50. Kxh4 Kg6 51. g5 1-0

[Event "4NCL/Div4/WGR3 vs. HKF prelims"]
[Site "Telford ENG"]
[Date "2003.01.18"]
[Round "3.5"]
[White "Cutmore, Martin J"]
[Black "Adelaja, Abimbola"]
[Result "0-1"]
[WhiteElo "1896"]
[BlackElo "2145"]
[PlyCount "44"]
[EventDate "2003.01.18"]

1. d4 c5 2. d5 e5 3. e4 d6 4. f4 exf4 5. Bxf4 Qe7 6. Nc3 a6 7. a4 g5 8. Be3 Bg7
9. Qd2 h6 10. Nge2 Nf6 11. Ng3 Ng4 12. Be2 Nxe3 13. Qxe3 f5 14. Qd2 f4 15. Bh5+
Kd8 16. Nge2 Nd7 17. O-O-O Ne5 18. b3 b5 19. Rdf1 Qf6 20. Nxf4 gxf4 21. Rxf4
Qg5 22. g4 Nd3+ 0-1

[Event "4NCL/Div4/WGR3 vs. HKF prelims"]
[Site "Telford ENG"]
[Date "2003.01.18"]
[Round "3.6"]
[White "Pym, Thomas W"]
[Black "Cutmore, David M"]
[Result "1-0"]
[WhiteElo "1998"]
[BlackElo "1848"]
[PlyCount "89"]
[EventDate "2003.01.18"]

1. e4 Nf6 2. e5 Nd5 3. d4 d6 4. c4 Nb6 5. exd6 cxd6 6. Nc3 g6 7. Be3 Bg7 8. Nf3
O-O 9. Be2 Nc6 10. O-O Nd7 11. Rc1 e5 12. d5 Ne7 13. Ne4 Nf5 14. b4 Nxe3 15.
fxe3 Bh6 16. Qb3 Qb6 17. Rc3 a5 18. bxa5 Qxa5 19. Nxd6 Qxa2 20. Qxa2 Rxa2 21.
Bd1 f5 22. c5 e4 23. Nd4 Ne5 24. Ne6 Bxe6 25. dxe6 Nd3 26. e7 Bxe3+ 27. Kh1
Nf2+ 28. Rxf2 Rxf2 29. Bb3+ Kg7 30. exf8=Q+ Kxf8 31. g3 Rf1+ 32. Kg2 Rg1+ 33.
Kh3 Bd2 34. Rc2 e3 35. Bc4 Rb1 36. Ra2 Rb4 37. Ra8+ Ke7 38. Re8+ Kf6 39. Re6+
Kg7 40. Be2 Bc1 41. Re7+ Kf6 42. Rxb7 Rd4 43. c6 Rxd6 44. c7 Rc6 45. Rb6 1-0

[Event "4NCL/Div4/SXM vs. MET prelims"]
[Site "Telford ENG"]
[Date "2003.01.18"]
[Round "3.1"]
[White "Almond, Richard"]
[Black "Noden, Nicolas"]
[Result "1/2-1/2"]
[WhiteElo "2127"]
[BlackElo "2196"]
[PlyCount "102"]
[EventDate "2003.01.18"]

1. d4 Nf6 2. c4 g6 3. Nc3 Bg7 4. e4 d6 5. Nf3 O-O 6. Be2 e5 7. O-O Nbd7 8. Qc2
c6 9. Rd1 Qe7 10. Bg5 h6 11. Bh4 g5 12. Bg3 Nh5 13. d5 c5 14. a3 Nf4 15. b4 h5
16. h3 Qf6 17. Ne1 Qg6 18. Rab1 Bf6 19. Rb3 Kg7 20. Nd3 b6 21. f3 Be7 22. Be1
Rh8 23. Nf2 Nf6 24. bxc5 bxc5 25. Nb1 Bd7 26. Rc3 Ba4 27. Qd2 Nxe2+ 28. Qxe2
Bxd1 29. Qxd1 Rab8 30. Nd2 Rb7 31. Nf1 Rhb8 32. Ne3 Kh7 33. Nf5 Ng8 34. Bd2 Bd8
35. Bc1 Ba5 36. Rd3 Rb1 37. Kh2 Bd8 38. Qd2 a5 39. Nd1 R1b7 40. Nc3 Rd7 41. Nb5
Nh6 42. Nxh6 Qxh6 43. g4 Kg7 44. a4 Qf6 45. Qg2 Be7 46. Bd2 Rh8 47. Rb3 Rdd8
48. Rd3 Rh7 49. Rb3 Rdh8 50. Rd3 Bd8 51. Rb3 Rh6 1/2-1/2